Formula 1: Teammates by Driver #7 - Statistics

General Stats
  • This quiz has been taken 419 times
  • The average score is 25 of 57
Answer Stats
Driver Seasons Teammate Nationality Team % Correct
Nick Heidfeld 2006-2009 Robert Kubica Poland BMW Sauber
94%
Nick Heidfeld 2005 Mark Webber Australia Williams
91%
Johnny Herbert 1994-1995 Michael Schumacher Germany Benetton
91%
Nick Heidfeld 2006 Jacques Villeneuve Canada BMW Sauber
89%
Nick Heidfeld 2001 Kimi Räikkönen Finland Sauber
82%
Nick Heidfeld 2011 Vitali Petrov Russia Renault
81%
Nick Heidfeld 2007 Sebastian Vettel Germany BMW Sauber
80%
Nick Heidfeld 2002 Felipe Massa Brazil Sauber
77%
Nick Heidfeld 2010 Kamui Kobayashi Japan BMW Sauber
76%
Johnny Herbert 1999 Rubens Barrichello Brazil Stewart
76%
Thierry Boutsen 1993 Rubens Barrichello Brazil Jordan
76%
Nick Heidfeld 2000 Jean Alesi France Prost
71%
Johnny Herbert 1998 Jean Alesi France Sauber
71%
Johnny Herbert 1991-1992 Mika Häkkinen Finland Lotus
71%
Elio de Angelis 1985 Ayrton Senna Brazil Lotus
70%
Nick Heidfeld 2002-2003 Heinz-Harald Frentzen Germany Sauber
68%
Johnny Herbert 1996 Heinz-Harald Frentzen Germany Sauber
68%
Elio de Angelis 1980-1984 Nigel Mansell UK Lotus
65%
Thierry Boutsen 1985 Gerhard Berger Austria Arrows
64%
Michele Alboreto 1987-1988 Gerhard Berger Austria Ferrari
64%
Thierry Boutsen 1989-1990 Riccardo Patrese Italy Williams
62%
Elio de Angelis 1986 Riccardo Patrese Italy Brabham
62%
Johnny Herbert 2000 Eddie Irvine UK Jaguar
57%
Elio de Angelis 1980 Mario Andretti US Lotus
50%
Johnny Herbert 1994 Olivier Panis France Ligier
50%
Michele Alboreto 1985-1986, 1991 Stefan Johansson Sweden Ferrari, Footwork
47%
Nick Heidfeld 2004 Timo Glock Germany Jordan
42%
Michele Alboreto 1984-1985 René Arnoux France Ferrari
41%
Johnny Herbert 1989 Alessandro Nannini Italy Benetton
39%
Thierry Boutsen 1988 Alessandro Nannini Italy Benetton
39%
Michele Alboreto 1992 Aguri Suzuki Japan Footwork
34%
Michele Alboreto 1981 Eddie Cheever US Tyrrell
27%
Johnny Herbert 2000 Luciano Burti Brazil Jaguar
27%
Johnny Herbert 1994 Pedro Lamy Portugal Lotus
26%
Johnny Herbert 1997 Nicola Larini Italy Sauber
25%
Thierry Boutsen 1983-1984, 1986 Marc Surer Switzerland Arrows
22%
Thierry Boutsen 1987 Teo Fabi Italy Benetton
22%
Johnny Herbert 1997 Gianni Morbidelli Italy Sauber
21%
Nick Heidfeld 2004 Giorgio Pantano Italy Jordan
21%
Michele Alboreto 1994 Pierluigi Martini Italy Minardi
20%
Michele Alboreto 1993 Luca Badoer Italy Lola
19%
Johnny Herbert 1989 Jonathan Palmer UK Tyrrell
18%
Michele Alboreto 1989 Jonathan Palmer UK Tyrrell
18%
Johnny Herbert 1997 Norberto Fontana Argentina Sauber
17%
Johnny Herbert 1990 Derek Warwick UK Lotus
16%
Elio de Angelis 1979 Jan Lammers Netherlands Shadow
16%
Johnny Herbert 1994 Alex Zanardi Italy Lotus
15%
Elio de Angelis 1982 Roberto Moreno Brazil Lotus
15%
Thierry Boutsen 1991-1992 Érik Comas France Ligier
13%
Thierry Boutsen 1986 Christian Danner Germany Arrows
12%
Michele Alboreto 1989 Philippe Alliot France Lola
11%
Michele Alboreto 1982 Slim Borgudd Sweden Tyrrell
10%
Michele Alboreto 1990-1991 Alex Caffi Italy Arrows, Footwork
9%
Johnny Herbert 1994 Philippe Adams Belgium Lotus
9%
Michele Alboreto 1991 Bernd Schneider Germany Footwork
7%
Michele Alboreto 1983 Danny Sullivan US Tyrrell
7%
Michele Alboreto 1982 Brian Henton UK Tyrrell
5%
No matching quizzes found
Score Distribution
Percent of People with Each Score
Percentile by Number Answered
Your Score History
You have not taken this quiz